MyGZULibrary

Human rights education : (Record no. 679)

MARC details
000 -LEADER
fixed length control field 02742cam a2200337 i 4500
001 - CONTROL NUMBER
control field 19394022
003 - CONTROL NUMBER IDENTIFIER
control field GZU
005 - DATE AND TIME OF LATEST TRANSACTION
control field 20200910110511.0
008 - FIXED-LENGTH DATA ELEMENTS--GENERAL INFORMATION
fixed length control field 161122s2017 pau b 001 0 eng c
010 ## - LIBRARY OF CONGRESS CONTROL NUMBER
LC control number 2016053346
020 ## - INTERNATIONAL STANDARD BOOK NUMBER
International Standard Book Number 9780812249026 (hardcover : alk. paper)
040 ## - CATALOGING SOURCE
Original cataloging agency PU/DLC
Language of cataloging eng
Transcribing agency PU
Description conventions rda
Modifying agency DLC
042 ## - AUTHENTICATION CODE
Authentication code pcc
050 00 - LIBRARY OF CONGRESS CALL NUMBER
Classification number JC571
Item number .H8668 2017
082 00 - DEWEY DECIMAL CLASSIFICATION NUMBER
Classification number 323.071
Edition number 23
130 0# - MAIN ENTRY--UNIFORM TITLE
Uniform title Human rights education (University of Pennsylvania)
245 10 - TITLE STATEMENT
Title Human rights education :
Remainder of title theory, research, praxis /
Statement of responsibility, etc. edited by Monisha Bajaj ; afterword by Nancy Flowers.
264 #1 - PRODUCTION, PUBLICATION, DISTRIBUTION, MANUFACTURE, AND COPYRIGHT NOTICE
Place of production, publication, distribution, manufacture Philadelphia :
Name of producer, publisher, distributor, manufacturer University of Pennsylvania Press,
Date of production, publication, distribution, manufacture, or copyright notice [2017]
300 ## - PHYSICAL DESCRIPTION
Extent ix, 353 pages ;
Dimensions 24 cm
336 ## - CONTENT TYPE
Content type term text
Source rdacontent
337 ## - MEDIA TYPE
Media type term unmediated
Source rdamedia
338 ## - CARRIER TYPE
Carrier type term volume
Source rdacarrier
504 ## - BIBLIOGRAPHY, ETC. NOTE
Bibliography, etc. note Includes bibliographical references and index.
505 0# - FORMATTED CONTENTS NOTE
Formatted contents note Symbol and substance : human rights education as an emergent global institution / Susan Garnett Russell and David F. Suørez -- Emotions, critical pedagogy, and human rights education / Michalinos Zembylas -- Evolution of human rights education models / Felisa L. Tibbitts -- The right to human rights education : conceptual perspectives / Peter G. Kirchschlaeger -- Global research in human rights education -- Challenges and complexity in human rights education : teachers' understandings of democratic participation and gender equity in post-conflict Kurdistan, Iraq / Audrey Osler and Chalank Yahya -- Human rights education in postcolonial India / Monisha Bajaj and Rachel Wah -- Politics, power, and protest : rights-based education policy and the limits of human rights education / Sam Mejias -- Contentious human rights education : the case of professional development programs on sexual orientation and gender identity/based refuge protection / Oren Pizmony-Levy ad Megan Jensen -- Historicizing critical educational praxis : human rights framework for justice-oriented teaching / Melissa L. Gibson and Carl A. Grant / Expanding the aspirational map : interactive learning and human rights in Tostan's community empowerment program / Beniamino Cislaghi, Diane Gillespie, and Gerald Mackie -- Human rights education's role in peacebuilding : lessons from the field / Tracey Holland and J. Paul Martin -- Leveraging diversity to become a global citizen : lessons for human rights education / Carol Anne Spreen and Chrissie Monaghan.
650 #0 - SUBJECT ADDED ENTRY--TOPICAL TERM
Topical term or geographic name entry element Human rights
General subdivision Study and teaching.
700 1# - ADDED ENTRY--PERSONAL NAME
Personal name Bajaj, Monisha,
Relator term editor.
700 1# - ADDED ENTRY--PERSONAL NAME
Personal name Flowers, Nancy,
Dates associated with a name 1940-
Relator term writer of afterword.
906 ## - LOCAL DATA ELEMENT F, LDF (RLIN)
a 7
b cbc
c orignew
d 1
e ecip
f 20
g y-gencatlg
942 ## - ADDED ENTRY ELEMENTS (KOHA)
Source of classification or shelving scheme Library of Congress Classification
Koha item type Books
Classification part 571
Item part HUM
Call number prefix JC
Call number suffix 2012
Holdings
Withdrawn status Lost status Damaged status Not for loan Collection code Home library Current library Shelving location Date acquired Total Checkouts Full call number Barcode Date last seen Copy number Price effective from Koha item type
        Non-fiction Law Library Law Library General Stacks 09/10/2020   JC571 HUM 2017 031250 09/10/2020 c.1 09/10/2020 Books
        Non-fiction Law Library Law Library General Stacks 09/10/2020   JC571 HUM 2017 031251 09/10/2020 c.2 09/10/2020 Books